Slovakia's Social Issues in 2019

Stručný prehľad spoločenských udalostí v SR, ktorý sa niesol v duchu výročia Nežnej revolúcie. Riešili sa otázky týkajúce sa akademickej etiky, práv menšín a volieb.

Salvato in:
Dettagli Bibliografici
Autore principale: Baculáková, Kristína, 1988-
Natura: Capitolo di libro
Lingua:inglese
Soggetti:
Tags: Aggiungi Tag
Nessun Tag, puoi essere il primo ad aggiungerne!!

MARC

LEADER 00000naa$a2200000$$$4500
001 0267640
005 20240502083802.4
041 0 |a eng 
044 |a HU 
245 1 0 |a Slovakia's Social Issues in 2019  |c Kristína Baculáková 
520 |a Stručný prehľad spoločenských udalostí v SR, ktorý sa niesol v duchu výročia Nežnej revolúcie. Riešili sa otázky týkajúce sa akademickej etiky, práv menšín a volieb. 
610 2 0 |a revolúcia 
610 2 0 |a javy sociálne 
610 2 0 |a etika 
610 2 0 |a morálka 
610 2 0 |a práva ľudské 
100 1 |a Baculáková, Kristína, 1988-